000 00697nam a2200241Ia 4500
003 OSt
005 20220918164509.0
006 a|||||r|||| 00| 0
007 ta
008 220917b |||||||| |||| 00| 0 eng d
020 _a063120914X (hbk)
024 _a188,994
037 _cTextual
040 _aARTS
_cARTS
_beng
041 _2eng
_aeng
082 _aQ60aR355, N9
100 _aPlantinga Richard J. Ed.
_919184
245 0 _aChristianity and plurality
_b classic and contemporary readings
260 _aUK
_bBlackwell publishers Ltd.
_c1999
300 _aix, 379 p.
_ccm.
942 _hQ60aR355, N9
_cTEXL
_2CC
999 _c125039
_d125039